000 01126cam a22002654a 4500
001 15541209
005 20090708132120.0
008 081202s2009 enka b 001 0 eng
020 _a9781848001909
020 _a9781848001916 (eISBN)
040 _aDLC
_cDLC
082 _222
_a621.367
_bBUR
100 1 _aBurger, Wilhelm.
_928990
245 1 0 _aPrinciples of Digital Image Processing :
_bFundamental Techniques /
_cWilhelm Burger, Mark J. Burge.
260 _aLondon :
_bSpringer,
_cc2009.
300 _axiv, 260 p. :
_bill. (some col.) ;
_c24 cm.
490 0 _aUndergraduate topics in computer science,
_x1863-7310 ;
_v7592
_928991
504 _aIncludes bibliographical references and index.
650 0 _aImage processing
_xDigital techniques.
_928992
653 _bEle
_cFebruary2012
700 1 _aBurge, Mark.
_928993
942 _2ddc
_cBB
999 _c16486
_d16486